[Event "Chigorin Memorial 27th"]
[Site "St Petersburg"]
[Date "2019.10.12"]
[Round "8"]
[White "Kalashnikov, Fedor"]
[Black "Trushnikov, Viacheslav"]
[Result "1/2-1/2"]
[WhiteElo "1387"]
[BlackElo "1723"]
[PlyCount "64"]
[EventDate "2019.10.05"]
[EventType "swiss"]
[EventRounds "9"]
[EventCountry "RUS"]
[SourceTitle "EXT 2021"]
[Source "ChessBase"]
[SourceDate "2020.10.23"]
[SourceVersion "1"]
[SourceVersionDate "2020.10.23"]
[SourceQuality "1"]

1. e4 c5 2. Nf3 Nc6 3. d4 cxd4 4. Nxd4 g6 5. c4 Nf6 6. Nc3 Nxd4 7. Qxd4 d6 8. f3 Bg7 9. Be3 0-0 10. Qd2 a5 11. Be2 a4 12. 0-0 Qa5 13. Rab1 Be6 14. Rfc1 Rfe8 15. Nd5 Qxd2 16. Bxd2 Bxd5 17. cxd5 Rec8 18. Be3 Nd7 19. Rxc8+ Rxc8 20. Bb5 Nc5 21. Bxc5 Rxc5 22. Bxa4 f5 23. exf5 gxf5 24. Bd7 f4 25. Be6+ Kf8 26. h3 h6 27. Kh2 Rc2 28. h4 Bxb2 29. Kh3 b6 30. a4 Rd2 31. Rg1 Bd4 32. Rc1 Bc5 1/2-1/2

[Event "Chigorin Memorial 27th"]
[Site "St Petersburg"]
[Date "2019.10.11"]
[Round "7"]
[White "Trushnikov, Viacheslav"]
[Black "Kudryavtseva, Anastasia"]
[Result "0-1"]
[WhiteElo "1723"]
[BlackElo "1501"]
[PlyCount "74"]
[EventDate "2019.10.05"]
[EventType "swiss"]
[EventRounds "9"]
[EventCountry "RUS"]
[SourceTitle "EXT 2021"]
[Source "ChessBase"]
[SourceDate "2020.10.23"]
[SourceVersion "1"]
[SourceVersionDate "2020.10.23"]
[SourceQuality "1"]

1. f4 Nf6 2. Nf3 g6 3. b3 Bg7 4. Bb2 0-0 5. e3 d6 6. Be2 b6 7. 0-0 Bb7 8. Qc1 Nbd7 9. c4 Re8 10. d4 c5 11. Nc3 e5 12. fxe5 dxe5 13. dxc5 Nxc5 14. Rd1 Qe7 15. Nd5 Nxd5 16. cxd5 Red8 17. Bc4 Ne4 18. Qc2 Nd6 19. e4 Rac8 20. Qe2 Nxc4 21. bxc4 Qc5+ 22. Kh1 Qxc4 23. Qe3 f6 24. g4 Qc2 25. Rd2 Qc5 26. Qxc5 Rxc5 27. g5 Rc4 28. gxf6 Bxf6 29. Re2 Re8 30. Rc1 Ba6 31. Rxc4 Bxc4 32. Re3 Bxa2 33. Ra3 Bc4 34. Rxa7 Bd3 35. Ra4 b5 36. Ra6 Bg7 37. d6 Bxe4 0-1

[Event "Chigorin Memorial 27th"]
[Site "St Petersburg"]
[Date "2019.10.10"]
[Round "6"]
[White "Kuznetsov, Mikhail1111"]
[Black "Trushnikov, Viacheslav"]
[Result "1-0"]
[WhiteElo "1971"]
[BlackElo "1723"]
[PlyCount "101"]
[EventDate "2019.10.05"]
[EventType "swiss"]
[EventRounds "9"]
[EventCountry "RUS"]
[SourceTitle "EXT 2020"]
[Source "ChessBase"]
[SourceDate "2019.10.17"]
[SourceVersion "1"]
[SourceVersionDate "2019.10.17"]
[SourceQuality "1"]

1. Nf3 Nf6 2. c4 g6 3. g3 Bg7 4. Bg2 c5 5. 0-0 Nc6 6. Nc3 0-0 7. d4 cxd4 8. Nxd4 Nxd4 9. Qxd4 d6 10. e4 Be6 11. Qd3 Rc8 12. b3 b5 13. Nxb5 Nxe4 14. Nd4 Nc5 15. Qd2 Bd7 16. Bb2 Qb6 17. Bd5 Ne6 18. Rad1 Nxd4 19. Bxd4 Qxd4 20. Qxd4 Bxd4 21. Rxd4 Bc6 22. Re1 Rfe8 23. Red1 Rc7 24. h4 h5 25. Kf1 Rec8 26. Ke2 Bxd5 27. Rxd5 Rc5 28. R1d3 R8c6 29. Kd2 Kf8 30. Kc3 Ke8 31. Kb4 Rb6+ 32. Kc3 Rbc6 33. f3 a5 34. a3 f6 35. R3d4 e5 36. Rd1 Ke7 37. R1d2 Ke6 38. Rxc5 dxc5 39. Rd8 Kf7 40. b4 axb4+ 41. axb4 cxb4+ 42. Kxb4 g5 43. Kb5 Re6 44. Rh8 g4 45. Rxh5 Kg6 46. fxg4 e4 47. Rf5 Re5+ 48. Rxe5 fxe5 49. Kb4 e3 50. Kc3 e4 51. Kc2 1-0

[Event "Chigorin Memorial 27th"]
[Site "St Petersburg"]
[Date "2019.10.06"]
[Round "2"]
[White "Postanogov, Dmitrii"]
[Black "Trushnikov, Viacheslav"]
[Result "1-0"]
[WhiteElo "2019"]
[BlackElo "1723"]
[PlyCount "107"]
[EventDate "2019.10.05"]
[EventType "swiss"]
[EventRounds "9"]
[EventCountry "RUS"]
[SourceTitle "EXT 2020"]
[Source "ChessBase"]
[SourceDate "2019.10.17"]
[SourceVersion "1"]
[SourceVersionDate "2019.10.17"]
[SourceQuality "1"]

1. e4 c5 2. Nf3 Nc6 3. Bb5 g6 4. Bxc6 dxc6 5. d3 Bg4 6. h3 Bxf3 7. Qxf3 Bg7 8. 0-0 e5 9. Be3 b6 10. a4 a5 11. Nc3 Ne7 12. Qe2 0-0 13. f4 exf4 14. Rxf4 Bd4 15. Nd1 Qd6 16. Qf2 f5 17. Bxd4 cxd4 18. Qg3 Qc5 19. Rc1 fxe4 20. Rxe4 Nf5 21. Qe1 Nd6 22. Re7 Qd5 23. Nf2 Nf5 24. Re5 Qd6 25. Re6 Qd5 26. Qe4 Qxe4 27. Nxe4 Rac8 28. Rf1 Kg7 29. g4 Ne3 30. Re7+ Kg8 31. Nf6+ Rxf6 32. Rxf6 Nxc2 33. Rff7 Nb4 34. Rg7+ Kh8 35. Rxh7+ Kg8 36. Reg7+ Kf8 37. Rd7 Kg8 38. Rhg7+ Kh8 39. Rxg6 Nxd3 40. Rxd4 Nxb2 41. Rd7 Nxa4 42. Rh6+ Kg8 43. g5 c5 44. g6 Rc6 45. h4 c4 46. h5 c3 47. Rhh7 Rf6 48. Rd8+ Rf8 49. Rh8+ Kxh8 50. Rxf8+ Kg7 51. Rf7+ Kg8 52. h6 c2 53. h7+ Kh8 54. Rf8+ 1-0

[Event "St Petersburg Korchnoi Memorial op"]
[Site "St Petersburg"]
[Date "2019.08.21"]
[Round "8"]
[White "Trushnikov, Viacheslav"]
[Black "Airapetyan, Anzhelika"]
[Result "1-0"]
[WhiteElo "1703"]
[BlackElo "1433"]
[PlyCount "51"]
[EventDate "2019.08.14"]
[EventType "swiss"]
[EventRounds "9"]
[EventCountry "RUS"]
[SourceTitle "CBM 192"]
[Source "ChessBase"]
[SourceDate "2019.10.31"]
[SourceVersion "1"]
[SourceVersionDate "2019.10.31"]
[SourceQuality "1"]

1. c4 Nf6 2. Nc3 e6 3. e4 Bb4 4. e5 Bxc3 5. bxc3 Ng8 6. Nf3 Nc6 7. d4 d5 8. Bd3 Nge7 9. 0-0 h6 10. h3 dxc4 11. Bxc4 0-0 12. Bb3 b6 13. Qd3 Bb7 14. Bc2 Ng6 15. h4 h5 16. Ng5 Nce7 17. Qe2 Nf5 18. Qxh5 Re8 19. Ba3 Re7 20. Qh7+ Kf8 21. h5 Nh6 22. hxg6 fxg6 23. Nxe6+ Ke8 24. Nxd8 Kxd8 25. Bxe7+ Kxe7 26. Qxg7+ 1-0

[Event "St Petersburg Korchnoi Memorial op"]
[Site "St Petersburg"]
[Date "2019.08.17"]
[Round "4"]
[White "Trushnikov, Viacheslav"]
[Black "Krukovsky, Alexander"]
[Result "1/2-1/2"]
[WhiteElo "1703"]
[BlackElo "1981"]
[PlyCount "80"]
[EventDate "2019.08.14"]
[EventType "swiss"]
[EventRounds "9"]
[EventCountry "RUS"]
[SourceTitle "CBM 192"]
[Source "ChessBase"]
[SourceDate "2019.10.31"]
[SourceVersion "1"]
[SourceVersionDate "2019.10.31"]
[SourceQuality "1"]

1. f4 d5 2. Nf3 g6 3. e3 Bg7 4. Be2 Nh6 5. Nc3 0-0 6. 0-0 Nc6 7. Rb1 e5 8. Nxe5 Nxe5 9. fxe5 Bxe5 10. Qe1 c6 11. b3 Qd6 12. g3 Bh3 13. Rf2 Bxc3 14. dxc3 Ng4 15. Rf4 Qe6 16. Bxg4 Bxg4 17. Qf2 Rfe8 18. c4 Bf5 19. cxd5 cxd5 20. Rb2 b5 21. Qd2 Rec8 22. Rf2 Rc7 23. Qb4 a6 24. c3 Rac8 25. Bd2 Qe4 26. Qxe4 Bxe4 27. b4 Rc6 28. a3 f6 29. Ra2 Rb6 30. a4 Rcc6 31. a5 Rb8 32. Ra1 Kf7 33. h4 h5 34. Kh2 Ke7 35. Rg1 Rh8 36. Rf4 Rcc8 37. Rf2 Rhg8 38. Rff1 g5 39. Kh3 Rg6 40. Kh2 Ke6 1/2-1/2

[Event "St Petersburg Korchnoi Memorial op"]
[Site "St Petersburg"]
[Date "2019.08.14"]
[Round "1"]
[White "Kavyev, Ruslan"]
[Black "Trushnikov, Viacheslav"]
[Result "1/2-1/2"]
[WhiteElo "2187"]
[BlackElo "1703"]
[PlyCount "129"]
[EventDate "2019.08.14"]
[EventType "swiss"]
[EventRounds "9"]
[EventCountry "RUS"]
[SourceTitle "CBM 192"]
[Source "ChessBase"]
[SourceDate "2019.10.31"]
[SourceVersion "1"]
[SourceVersionDate "2019.10.31"]
[SourceQuality "1"]

1. b3 Nf6 2. Bb2 g6 3. Bxf6 exf6 4. c4 f5 5. Nc3 Bg7 6. Rc1 d6 7. g3 Nd7 8. Bg2 Nf6 9. e3 c6 10. Nge2 Rb8 11. 0-0 0-0 12. d4 Qe7 13. b4 Ne4 14. Qc2 Nxc3 15. Nxc3 Be6 16. Qe2 c5 17. bxc5 dxc5 18. d5 Bd7 19. Qc2 Bxc3 20. Qxc3 Qd6 21. a4 Bxa4 22. Ra1 b5 23. cxb5 Bxb5 24. Rfc1 a6 25. Qxc5 Qxc5 26. Rxc5 Rfc8 27. Rac1 Rxc5 28. Rxc5 Bd3 29. h3 Kf8 30. Rc7 Rb1+ 31. Kh2 Rb6 32. g4 Be4 33. gxf5 gxf5 34. Bxe4 fxe4 35. Kg3 Rd6 36. Rc5 Ke7 37. Kf4 Rf6+ 38. Kxe4 Rxf2 39. Rc7+ Ke8 40. Rc8+ Ke7 41. Rh8 a5 42. Rxh7 a4 43. Rh8 Rh2 44. Kd4 a3 45. Ra8 a2 46. Ra7+ Kd6 47. Ra6+ Kd7 48. Ke5 Rxh3 49. Ra7+ Kd8 50. e4 Rh2 51. Kd6 Rh6+ 52. Kc5 Rh2 53. e5 Kc8 54. Kd6 Kb8 55. Ra4 Rb2 56. Ra3 Rb6+ 57. Kc5 Rb2 58. Kc6 Rc2+ 59. Kd6 Rb2 60. Ra5 Rb6+ 61. Kc5 Rb2 62. Kd4 Kc8 63. Ke4 Rf2 64. Ke3 Rb2 65. Kf4 1/2-1/2

[Event "St Petersburg Korchnoi Memorial op"]
[Site "St Petersburg"]
[Date "2018.08.21"]
[Round "7"]
[White "Trushnikov, Viacheslav"]
[Black "Agashin, Aleksandr"]
[Result "1/2-1/2"]
[WhiteElo "1793"]
[BlackElo "1477"]
[PlyCount "72"]
[EventDate "2018.08.15"]
[EventType "swiss"]
[EventRounds "9"]
[EventCountry "RUS"]
[SourceTitle "CBM 186 Extra"]
[Source "ChessBase"]
[SourceDate "2018.08.24"]
[SourceVersion "1"]
[SourceVersionDate "2018.08.24"]
[SourceQuality "1"]

1. c4 Nf6 2. Nc3 e6 3. e4 d6 4. d4 Nbd7 5. Nf3 e5 6. dxe5 dxe5 7. Be2 Bb4 8. Qc2 0-0 9. 0-0 Bxc3 10. bxc3 b6 11. Ne1 Bb7 12. f3 Qe7 13. Be3 Nc5 14. Nd3 Nxd3 15. Bxd3 Nd7 16. Qf2 c5 17. Rad1 Rad8 18. Qg3 Nb8 19. f4 Nc6 20. f5 f6 21. Qh4 Rd6 22. Rf3 Qd7 23. Bc1 Rf7 24. Rh3 h6 25. Qe1 Kf8 26. Be2 Rxd1 27. Bxd1 Ke7 28. Be2 Na5 29. Rd3 Qc6 30. Bh5 Qxe4 31. Qd2 Bc6 32. Bxf7 Kxf7 33. Rd7+ Bxd7 34. Qxd7+ Kf8 35. Qd8+ Kf7 36. Qd7+ Kf8 1/2-1/2

[Event "St Petersburg Korchnoi Memorial op"]
[Site "St Petersburg"]
[Date "2018.08.19"]
[Round "5"]
[White "Trushnikov, Viacheslav"]
[Black "Chekletsova, Darya"]
[Result "1-0"]
[WhiteElo "1793"]
[BlackElo "1674"]
[PlyCount "117"]
[EventDate "2018.08.15"]
[EventType "swiss"]
[EventRounds "9"]
[EventCountry "RUS"]
[SourceTitle "CBM 186 Extra"]
[Source "ChessBase"]
[SourceDate "2018.08.24"]
[SourceVersion "1"]
[SourceVersionDate "2018.08.24"]
[SourceQuality "1"]

1. c4 e5 2. Nc3 Nf6 3. Nf3 d6 4. g3 b6 5. Bg2 Bb7 6. 0-0 Nc6 7. d4 Qc8 8. b3 g6 9. d5 Ne7 10. Bg5 Bg7 11. Rc1 h6 12. Bd2 0-0 13. e4 a6 14. Ne1 Qd7 15. f4 b5 16. fxe5 dxe5 17. Nd3 Bc8 18. Nxe5 Qd6 19. Nd3 bxc4 20. bxc4 Nd7 21. Ne2 a5 22. Bf4 Qb6+ 23. c5 Qa7 24. Kh1 f6 25. d6 Nc6 26. dxc7 Ba6 27. Bd6 Rfe8 28. Ndf4 Kh7 29. Qd5 Nce5 30. Rc2 g5 31. Nh5 Kg6 32. Nxg7 Kxg7 33. Rf5 Bc8 34. Nd4 Ng4 35. Qb3 Nde5 36. Rf1 Ba6 37. h3 Bxf1 38. Bxf1 h5 39. hxg4 hxg4 40. Nf5+ Kg6 41. Rh2 Rh8 42. Bxe5 Rxh2+ 43. Kxh2 Rh8+ 44. Kg2 Qxc5 45. Bd6 Qc1 46. Qc4 Qd2+ 47. Qe2 Qc3 48. Ne7+ Kg7 49. c8Q Rxc8 50. Nxc8 Qxc8 51. Qc4 Qh8 52. Qc7+ Kg6 53. Qc4 Qd8 54. e5 Qa8+ 55. Kg1 Qd8 56. Bd3+ Kh6 57. Qe4 Qb6+ 58. Kg2 Qb2+ 59. Bc2 1-0

[Event "St Petersburg Korchnoi Memorial op"]
[Site "St Petersburg"]
[Date "2018.08.18"]
[Round "4"]
[White "Vozmilov, Lev"]
[Black "Trushnikov, Viacheslav"]
[Result "1-0"]
[WhiteElo "1375"]
[BlackElo "1793"]
[PlyCount "109"]
[EventDate "2018.08.15"]
[EventType "swiss"]
[EventRounds "9"]
[EventCountry "RUS"]
[SourceTitle "CBM 186 Extra"]
[Source "ChessBase"]
[SourceDate "2018.08.24"]
[SourceVersion "1"]
[SourceVersionDate "2018.08.24"]
[SourceQuality "1"]

1. e4 c5 2. Nf3 Nc6 3. c3 d6 4. d4 cxd4 5. cxd4 g6 6. Nc3 Bg7 7. Be2 Nf6 8. 0-0 0-0 9. h3 a6 10. a4 Re8 11. Be3 e5 12. d5 Ne7 13. a5 Nd7 14. Nd2 b5 15. b4 f5 16. f3 f4 17. Bf2 Nf6 18. Bb6 Qd7 19. Rc1 Rf8 20. Ndb1 g5 21. Na3 Qe8 22. Ncxb5 axb5 23. Nxb5 Qh5 24. Nxd6 Bxh3 25. gxh3 Qxh3 26. Rf2 Nd7 27. Rh2 Qg3+ 28. Kh1 Nxb6 29. Qb3 g4 30. Rg1 Rf6 31. Nf5 Nxf5 32. exf5 e4 33. Rxg3 fxg3 34. Rh5 gxf3 35. Bxf3 exf3 36. d6+ Kh8 37. Qxf3 Rd8 38. axb6 Rfxd6 39. b7 Rd1+ 40. Kg2 R1d2+ 41. Kh3 g2 42. Qg4 R8d3+ 43. Kh4 Rd8 44. Qg3 R2d4+ 45. Kg5 Rxb4 46. Qxg2 Be5 47. Rh6 Rg8+ 48. Rg6 hxg6 49. Qh3+ Kg7 50. Qh6+ Kf7 51. fxg6+ Ke7 52. Qh1 Rb6 53. Kf5 Bc7 54. Qh7+ Kf8 55. Qf7# 1-0

[Event "St Petersburg Korchnoi Memorial op"]
[Site "St Petersburg"]
[Date "2018.08.17"]
[Round "3"]
[White "Trushnikov, Viacheslav"]
[Black "Lapin, Nikita"]
[Result "1/2-1/2"]
[WhiteElo "1793"]
[BlackElo "1616"]
[PlyCount "81"]
[EventDate "2018.08.15"]
[EventType "swiss"]
[EventRounds "9"]
[EventCountry "RUS"]
[SourceTitle "CBM 186 Extra"]
[Source "ChessBase"]
[SourceDate "2018.08.24"]
[SourceVersion "1"]
[SourceVersionDate "2018.08.24"]
[SourceQuality "1"]

1. e4 c5 2. Nc3 e6 3. Nge2 a6 4. a4 b6 5. g3 Bb7 6. Bg2 Nf6 7. 0-0 Qc7 8. d3 d6 9. d4 cxd4 10. Nxd4 Be7 11. Re1 0-0 12. Qe2 Nbd7 13. Nf3 Rac8 14. Bd2 Rfd8 15. h3 Nc5 16. Nh2 Ncd7 17. Ng4 Nxg4 18. hxg4 Ne5 19. Bf1 Nc4 20. Qxc4 Qxc4 21. Bxc4 Rxc4 22. f3 Bf6 23. Ra3 Bxc3 24. Bxc3 Bc6 25. Rb3 b5 26. axb5 Bxb5 27. Rb4 h6 28. Rxc4 Bxc4 29. Kf2 f6 30. Rd1 Kf7 31. Bb4 d5 32. exd5 Rxd5 33. Rxd5 exd5 34. Bc3 g6 35. b4 Bb5 36. Bd4 Bc4 37. c3 Bb5 38. Be3 Kg7 39. Bd4 Bc4 40. Ke3 Kf7 41. Kf2 1/2-1/2

[Event "St Petersburg Summer op"]
[Site "St Petersburg"]
[Date "2016.08.24"]
[Round "8"]
[White "Trushnikov, Viacheslav"]
[Black "Yun, Vyacheslav"]
[Result "0-1"]
[WhiteElo "1758"]
[BlackElo "1750"]
[PlyCount "102"]
[EventDate "2016.08.17"]
[EventType "swiss"]
[EventRounds "9"]
[EventCountry "RUS"]
[SourceTitle "CBM 174 Extra"]
[Source "ChessBase"]
[SourceDate "2016.10.10"]
[SourceVersion "1"]
[SourceVersionDate "2016.10.10"]
[SourceQuality "1"]

1. Nf3 d5 2. b3 c5 3. Bb2 e6 4. e3 Nf6 5. Bb5+ Nc6 6. Bxc6+ bxc6 7. Ne5 Qc7 8. 0-0 Bd6 9. f4 0-0 10. d3 Nd7 11. Nxd7 Bxd7 12. Nd2 f5 13. Nf3 d4 14. exd4 cxd4 15. Bxd4 Bxf4 16. Qe2 c5 17. Be5 Bxe5 18. Qxe5 Qxe5 19. Nxe5 Be8 20. Rae1 Rd8 21. g3 Rf6 22. Nc4 g5 23. Re5 Rd5 24. Rxd5 exd5 25. Ne3 Bc6 26. Rxf5 Rxf5 27. Nxf5 Kf7 28. c3 Kf6 29. Ne3 Ke5 30. Ng4+ Kf5 31. Nf2 h5 32. d4 cxd4 33. cxd4 Bb5 34. a4 Be2 35. h3 g4 36. hxg4+ hxg4 37. b4 a6 38. Kg2 Kg5 39. Nh1 Kf5 40. Kf2 Bf3 41. b5 axb5 42. axb5 Ke6 43. Kg1 Kd7 44. Nf2 Be2 45. b6 Kc6 46. Nxg4 Bxg4 47. Kf2 Kxb6 48. Ke3 Kb5 49. Kf4 Bd7 50. g4 Bxg4 51. Kxg4 Kc4 0-1

[Event "St Petersburg Summer op"]
[Site "St Petersburg"]
[Date "2016.08.22"]
[Round "6"]
[White "Turetsky, Mark"]
[Black "Trushnikov, Viacheslav"]
[Result "1/2-1/2"]
[WhiteElo "1622"]
[BlackElo "1758"]
[PlyCount "106"]
[EventDate "2016.08.17"]
[EventType "swiss"]
[EventRounds "9"]
[EventCountry "RUS"]
[SourceTitle "CBM 174 Extra"]
[Source "ChessBase"]
[SourceDate "2016.10.10"]
[SourceVersion "1"]
[SourceVersionDate "2016.10.10"]
[SourceQuality "1"]

1. c4 Nf6 2. Nf3 g6 3. b3 Bg7 4. Bb2 0-0 5. Nc3 d5 6. e3 dxc4 7. Bxc4 Ne4 8. d4 Nxc3 9. Bxc3 Nd7 10. Rc1 Nf6 11. 0-0 Ne4 12. Bb2 Bg4 13. Be2 c6 14. Nd2 Bxe2 15. Qxe2 Nxd2 16. Qxd2 Qd7 17. Rfd1 Rfd8 18. Rc2 a6 19. e4 e6 20. Qe3 Qe7 21. Rcd2 Rd7 22. Bc3 Qh4 23. Qf3 Qf6 24. Qxf6 Bxf6 25. f4 Bg7 26. g4 f5 27. gxf5 gxf5 28. e5 Bh6 29. Rg2+ Rg7 30. Rxg7+ Kxg7 31. Rf1 Kf7 32. h3 Rd8 33. b4 Bf8 34. Kf2 Be7 35. Rg1 Rg8 36. Rxg8 Kxg8 37. Kf3 Kf7 38. Kg3 Ke8 39. Be1 Kd7 40. Kf3 Kc7 41. Ke3 Kb6 42. a4 a5 43. bxa5+ Ka6 44. Kd3 Bd8 45. Kc4 Bxa5 46. Bxa5 Kxa5 47. Kc5 Kxa4 48. Kd6 b5 49. Kxe6 b4 50. Kf6 b3 51. e6 b2 52. e7 b1Q 53. e8Q Qe4 1/2-1/2

[Event "St Petersburg Summer op"]
[Site "St Petersburg"]
[Date "2016.08.19"]
[Round "3"]
[White "Trushnikov, Viacheslav"]
[Black "Bobolev, Stanislav"]
[Result "0-1"]
[WhiteElo "1758"]
[BlackElo "1604"]
[PlyCount "66"]
[EventDate "2016.08.17"]
[EventType "swiss"]
[EventRounds "9"]
[EventCountry "RUS"]
[SourceTitle "CBM 174 Extra"]
[Source "ChessBase"]
[SourceDate "2016.10.10"]
[SourceVersion "1"]
[SourceVersionDate "2016.10.10"]
[SourceQuality "1"]

1. c4 d6 2. g3 g6 3. Bg2 Bg7 4. d4 Nh6 5. Nc3 f5 6. Nf3 0-0 7. 0-0 Nf7 8. e4 Nc6 9. exf5 Bxf5 10. d5 Nce5 11. Nxe5 Nxe5 12. Qb3 Bd3 13. Qxb7 Bxf1 14. Bxf1 Qb8 15. Qxb8 Raxb8 16. Nb5 Ng4 17. f4 a6 18. Nc3 Bd4+ 19. Kg2 Ne3+ 20. Bxe3 Bxe3 21. b3 g5 22. Re1 Bd2 23. Rxe7 Bxc3 24. Rxc7 gxf4 25. Bd3 f3+ 26. Kf1 Rbe8 27. g4 f2 28. Bxh7+ Kh8 29. Bf5 Bd4 30. Be6 Rf3 31. g5 Re3 32. Rf7 Re1+ 33. Kg2 Rg1+ 0-1

[Event "Uljanovsk Volga op"]
[Site "Uljanovsk"]
[Date "2011.01.07"]
[Round "8"]
[White "Dobrosmyslov, Artem Igorevich"]
[Black "Trushnikov, Viacheslav"]
[Result "1/2-1/2"]
[WhiteElo "1734"]
[BlackElo "1972"]
[PlyCount "80"]
[EventDate "2011.01.03"]
[EventType "swiss"]
[EventRounds "9"]
[EventCountry "RUS"]
[SourceTitle "CBM 140 Extra"]
[Source "ChessBase"]
[SourceDate "2011.03.01"]
[SourceVersion "1"]
[SourceVersionDate "2011.03.01"]
[SourceQuality "1"]

1. e4 e5 2. Nc3 Nc6 3. Bc4 Nf6 4. d3 Na5 5. Nge2 a6 6. 0-0 b5 7. Bb3 Nxb3 8. axb3 Bb7 9. Bg5 Be7 10. f4 h6 11. Bxf6 Bxf6 12. f5 0-0 13. Ng3 c6 14. Nce2 d5 15. Nh5 dxe4 16. dxe4 Qxd1 17. Nxf6+ gxf6 18. Raxd1 Rfd8 19. Ng3 Kf8 20. b4 Ke7 21. Kf2 a5 22. bxa5 Rxa5 23. Rxd8 Kxd8 24. Rd1+ Ke7 25. Ke3 Ra2 26. Kd3 Rxb2 27. Ra1 Rb4 28. c3 Ra4 29. Rxa4 bxa4 30. Kc4 Ba6+ 31. Kb4 Bb5 32. c4 a3 33. Kxa3 Bxc4 34. Kb4 Bd3 35. Kc5 Bb5 36. Nh5 Bf1 37. Kxc6 Bxg2 38. Ng3 Bf3 39. Kc7 Bg2 40. Kc6 Bf3 1/2-1/2

[Event "Uljanovsk Volga op"]
[Site "Uljanovsk"]
[Date "2011.01.06"]
[Round "7"]
[White "Trushnikov, Viacheslav"]
[Black "Nogerbekov, Vladimir"]
[Result "0-1"]
[WhiteElo "1972"]
[BlackElo "2062"]
[PlyCount "116"]
[EventDate "2011.01.03"]
[EventType "swiss"]
[EventRounds "9"]
[EventCountry "RUS"]
[SourceTitle "CBM 140 Extra"]
[Source "ChessBase"]
[SourceDate "2011.03.01"]
[SourceVersion "1"]
[SourceVersionDate "2011.03.01"]
[SourceQuality "1"]

1. Nf3 Nf6 2. c4 e6 3. Nc3 d5 4. d4 c6 5. e3 Bd6 6. Bd3 Nbd7 7. 0-0 0-0 8. e4 dxe4 9. Nxe4 Nxe4 10. Bxe4 e5 11. Be3 f5 12. Bc2 e4 13. Ng5 Nf6 14. c5 Bxh2+ 15. Kxh2 Ng4+ 16. Kg1 Nxe3 17. Qh5 h6 18. fxe3 Qxg5 19. Qxg5 hxg5 20. Bb3+ Kh7 21. g3 Bd7 22. Kg2 Rad8 23. Rad1 Rf6 24. Bc2 Rdf8 25. a3 Be6 26. Rf2 Bd5 27. Rdf1 g6 28. b4 Kg7 29. Ba4 a6 30. Bc2 Rh8 31. Rh1 Rff8 32. Rxh8 Rxh8 33. Rf1 Kf6 34. Rf2 a5 35. Bb1 axb4 36. axb4 Ra8 37. Rb2 Ra3 38. Kf2 Rb3 39. Rxb3 Bxb3 40. Ke2 g4 41. Kd2 Ke6 42. Kc3 Bd5 43. Bc2 g5 44. Bd1 Kf6 45. Kd2 Bc4 46. Kc3 Be6 47. Kd2 f4 48. exf4 gxf4 49. gxf4 g3 50. Ke3 g2 51. Kf2 Kf5 52. Be2 Kxf4 53. b5 g1Q+ 54. Kxg1 Ke3 55. bxc6 bxc6 56. d5 Bxd5 57. Kf1 Kd4 58. Kf2 e3+ 0-1

[Event "Uljanovsk Smyslov Memorial"]
[Site "Uljanovsk"]
[Date "2010.04.07"]
[Round "2"]
[White "Trushnikov, Viacheslav"]
[Black "Portnoy, Yuriy"]
[Result "0-1"]
[WhiteElo "1997"]
[BlackElo "1935"]
[PlyCount "108"]
[EventDate "2010.04.03"]
[EventType "swiss"]
[EventRounds "9"]
[EventCountry "RUS"]
[SourceTitle "CBM 136 Extra"]
[Source "ChessBase"]
[SourceDate "2010.07.02"]
[SourceVersion "2"]
[SourceVersionDate "2010.07.15"]
[SourceQuality "1"]

1. d4 Nf6 2. c4 c5 3. d5 b5 4. cxb5 a6 5. Nc3 d6 6. e4 Nbd7 7. Nf3 g6 8. Bf4 Nh5 9. Bg5 Bg7 10. bxa6 0-0 11. Qd2 Ne5 12. Nxe5 Bxe5 13. Be2 Nf6 14. f3 Bxa6 15. Bxa6 Rxa6 16. 0-0 Qb6 17. Be3 Rb8 18. Rab1 Qb4 19. a3 Qc4 20. Rfc1 Rb3 21. Nd1 Qa4 22. Nc3 Qa5 23. Qc2 Rab6 24. Bd2 Qa6 25. Nd1 Bd4+ 26. Nf2 Qe2 27. Ba5 Qxc2 28. Rxc2 R6b5 29. Be1 Nd7 30. a4 Rb7 31. Kf1 Bxb2 32. Nd1 Bd4 33. Rxb3 Rxb3 34. Ra2 Nb8 35. Ke2 f5 36. exf5 gxf5 37. Kd2 Na6 38. Kc2 Rb7 39. Ra3 Nc7 40. Bc3 Nxd5 41. Bxd4 cxd4 42. a5 e5 43. Kd3 Kf7 44. Kc4 Nc7 45. f4 Ke6 46. fxe5 dxe5 47. Kc5 Na6+ 48. Kc6 Rb1 49. Nf2 e4 50. g4 Ke5 51. gxf5 Kxf5 52. Rh3 e3 53. Kd5 e2 54. Nd3 Nb4+ 0-1

[Event "Uljanovsk op"]
[Site "Uljanovsk"]
[Date "2010.01.10"]
[Round "9"]
[White "Goncharov, Evgeniy"]
[Black "Trushnikov, Viacheslav"]
[Result "1/2-1/2"]
[WhiteElo "1750"]
[BlackElo "2028"]
[PlyCount "106"]
[EventDate "2010.01.04"]
[EventType "swiss"]
[EventRounds "9"]
[EventCountry "RUS"]
[SourceTitle "CBM 134 Extra"]
[Source "ChessBase"]
[SourceDate "2010.03.03"]
[SourceVersion "1"]
[SourceVersionDate "2010.03.03"]
[SourceQuality "1"]

1. Nf3 Nf6 2. b3 g6 3. Bb2 Bg7 4. e3 0-0 5. Be2 c5 6. 0-0 Nc6 7. d3 d5 8. Nbd2 d4 9. exd4 cxd4 10. Re1 Nd5 11. Ng5 Qa5 12. Nc4 Qc5 13. Ne4 Qb5 14. a4 Qb4 15. Ba3 Nc3 16. Qd2 Nxe4 17. Bxb4 Nxd2 18. Bxd2 Be6 19. Bf3 Rac8 20. a5 Rfd8 21. Ra4 Bd5 22. Bxd5 Rxd5 23. g3 Ne5 24. Nxe5 Rxe5 25. Rxe5 Bxe5 26. Rc4 Rxc4 27. bxc4 Bc7 28. Bb4 e5 29. c3 dxc3 30. Bxc3 a6 31. Kg2 f5 32. Kf3 Kf7 33. h3 Ke6 34. Ke3 b6 35. axb6 Bxb6+ 36. Ke2 Bc7 37. f3 a5 38. g4 Kd6 39. d4 exd4 40. Bxd4 Ke6 41. Kd3 Be5 42. Bb6 a4 43. Kc2 Kd6 44. Kb1 Bc3 45. Ka2 Bb4 46. Be3 Ke5 47. Kb2 fxg4 48. fxg4 Ke4 49. Bb6 Kf3 50. c5 Kg3 51. c6 Bd6 52. c7 Bxc7 53. Bxc7+ Kxh3 1/2-1/2

[Event "Uljanovsk op"]
[Site "Uljanovsk"]
[Date "2010.01.08"]
[Round "6"]
[White "Dobrocmyslov, Artem"]
[Black "Trushnikov, Viacheslav"]
[Result "1-0"]
[WhiteElo "1802"]
[BlackElo "2028"]
[PlyCount "52"]
[EventDate "2010.01.04"]
[EventType "swiss"]
[EventRounds "9"]
[EventCountry "RUS"]
[SourceTitle "CBM 134 Extra"]
[Source "ChessBase"]
[SourceDate "2010.03.03"]
[SourceVersion "1"]
[SourceVersionDate "2010.03.03"]
[SourceQuality "1"]

1. d4 d5 2. Nf3 Nf6 3. Bf4 c6 4. Nbd2 Bg4 5. h3 Bh5 6. e3 Bg6 7. c4 e6 8. a3 Be7 9. Qb3 Qb6 10. Qxb6 axb6 11. Ne5 Nbd7 12. Nxg6 hxg6 13. Bd3 0-0 14. 0-0 Ne8 15. cxd5 exd5 16. Nf3 Nd6 17. Ne5 Nxe5 18. Bxe5 Nc4 19. Bxc4 dxc4 20. Rac1 b5 21. Rfd1 Rfd8 22. e4 Rd7 23. d5 Rad8 24. a4 cxd5 25. axb5 dxe4 26. Rxd7 Rxd7 1-0